Kampala law reports : (Record no. 2312)

MARC details
000 -LEADER
fixed length control field 01377cas a2200433 a 4500
001 - CONTROL NUMBER
control field 11394222
005 - DATE AND TIME OF LATEST TRANSACTION
control field 20110531120830.0
008 - FIXED-LENGTH DATA ELEMENTS--GENERAL INFORMATION
fixed length control field 920730c19899999ug ar w eng
035 ## - SYSTEM CONTROL NUMBER
-- (DLC) 91980854
010 ## - LIBRARY OF CONGRESS CONTROL NUMBER
LC control number 91980854
012 ## -
-- 23-7-9706030179-p-9305
035 ## - SYSTEM CONTROL NUMBER
System control number (OCoLC)ocm26291235
040 ## - CATALOGING SOURCE
Original cataloging agency DLC
Transcribing agency DLC
Modifying agency NST
-- DLC
-- MH-L
042 ## - AUTHENTICATION CODE
Authentication code lc
043 ## - GEOGRAPHIC AREA CODE
Geographic area code f-ug---
050 00 - LIBRARY OF CONGRESS CALL NUMBER
Classification number KTW490.K363
Item number K35
082 00 - DEWEY DECIMAL CLASSIFICATION NUMBER
Classification number 348.6761/022
-- 346.7610822
Edition number 20
245 00 - TITLE STATEMENT
Title Kampala law reports :
Remainder of title decisions of the High Court and Supreme Court of Uganda.
246 1# - VARYING FORM OF TITLE
Display text Cited as:
Title proper/short title KALR
260 ## - PUBLICATION, DISTRIBUTION, ETC. (IMPRINT)
Place of publication, distribution, etc Kampala, Uganda :
Name of publisher, distributor, etc Kampala Law Reports,
Date of publication, distribution, etc [1990-
265 ## - SOURCE FOR ACQUISITION/SUBSCRIPTION ADDRESS [OBSOLETE]
Source for acquisition/subscription address [OBSOLETE] Kampala Law Reports, P.O. Box 1773, Kampala, Uganda
300 ## - PHYSICAL DESCRIPTION
Extent v. ;
Dimensions 32 cm.
310 ## - CURRENT PUBLICATION FREQUENCY
Current publication frequency Annual
362 0# - DATES OF PUBLICATION AND/OR SEQUENTIAL DESIGNATION
Dates of publication and/or sequential designation 1989-
500 ## - GENERAL NOTE
General note Title from cover.
500 ## - GENERAL NOTE
General note Editor: Ladislaus Kiiza Rwakafuuzi.
515 ## - NUMBERING PECULIARITIES NOTE
Numbering peculiarities note Vols. for <1992-> issued in parts.
590 ## - LOCAL NOTE (RLIN)
Local note SERBIB/SERLOC merged record
650 #0 - SUBJECT ADDED ENTRY--TOPICAL TERM
Topical term or geographic name as entry element Law reports, digests, etc.
Geographic subdivision Uganda.
700 1# - ADDED ENTRY--PERSONAL NAME
Personal name Rwakafuuzi, Ladislaus Kiiza.
710 1# - ADDED ENTRY--CORPORATE NAME
Corporate name or jurisdiction name as entry element Uganda.
Subordinate unit High Court.
710 1# - ADDED ENTRY--CORPORATE NAME
Corporate name or jurisdiction name as entry element Uganda.
Subordinate unit Supreme Court.
890 ## -
-- Kampala law reports.
-- 91-980854
906 ## - LOCAL DATA ELEMENT F, LDF (RLIN)
a 7
b cbc
c serials
d 2
e ncip
f 19
g n-oclcserc
920 ## -
-- Keep 1
991 ## -
-- c-LL
-- KTW490.K363
-- K35
-- SERIALS
992 ## -
-- B/L
-- SERLOC

No items available.